Statystyki dla Państwa, które pokonały Rosję

Kliknij tutaj aby rozwiązać quiz!

Ogólne statystyki

  • Ten quiz został rozwiązany 151 razy
  • Średni wynik to 8 z 16

Statystyki odpowiedzi

RangaPaństwoKategoria% Poprawnych
2Potężniejsza armiaStany Zjednoczone
95%
2Większy eksport ropy naftowejArabia Saudyjska
77%
11Większy procent populacji,
który jest prawosławnym chrześcijaninem
Armenia | Mołdawia | Grecja | Gruzja | Rumunia | Serbia | Cypr | Czarnogóra | Bułgaria | Ukraina | Macedonia Północna
76%
2Dłuższa łączna długość granicChiny
73%
3Dłuższa linia brzegowaKanada | Indonezja
69%
5Zimniejsza stolicaMongolia | Kazachstan | Islandia | Norwegia
63%
4Większa ilość aktywnych wulkanówIndonezja | Stany Zjednoczone | Japonia
58%
14Mniejsza gęstość zaludnieniaMongolia | Namibia | Australia | Botswana | Surinam | Islandia | Mauretania | Libia | Gujana | Kanada | Gabon | Kazachstan | Czad | Boliwia
53%
2Większa ilość dzikich tygrysówIndie
49%
2Większa suma opadów na całym terytoriumBrazylia
45%
2Większa ilość śródlądowych
wód powierzchniowych
Kanada
43%
2Większa ilość stref czasowychFrancja
37%
2Większa odległość północ / południe na
jednym obszarze lądowym
Brazylia
34%
6Wyższy wulkanArgentyna | Chile | Boliwia | Peru | Ekwador | Tanzania
23%
16Niższy przyrost naturalny od 1990 rokuŁotwa | Litwa | Gruzja | + 12 innych
12%
2Większa ilość użytków zielonychAustralia
9%

Rozkład punktacji

Percentyl według liczby udzielonych odpowiedzi

Procent ludzi z każdym wynikiem

Twoja historia wyników

Nie rozwiązałeś tego quizu